| 000 | 00690nam a2200241Ia 4500 | ||
|---|---|---|---|
| 003 | OSt | ||
| 005 | 20220928124340.0 | ||
| 006 | a|||||r|||| 00| 0 | ||
| 007 | ta | ||
| 008 | 220927b |||||||| |||| 00| 0 eng d | ||
| 024 | _a63889 | ||
| 037 | _cTextual | ||
| 040 |
_aSDCL _cSDCL _beng |
||
| 041 |
_2eng _aeng |
||
| 082 | _aX:8:(S:44), L7 | ||
| 100 |
_aIvancevich John M. _9388890 |
||
| 245 | 0 | _aOrganizational Behavior and Performance | |
| 260 |
_aCalifornia _bGoodyear _c1977 |
||
| 300 |
_axv;588p. _ccm. |
||
| 700 |
_a Szilagyi,Jr Andrew D. _9464536 |
||
| 942 |
_hX:8:(S:44), L7 _cTEXL _2CC |
||
| 999 |
_c777443 _d777443 |
||